Central Library, Doon University
WEBOPAC (ONLINE PUBLIC ACCESS CATALOGUE)

R. Guptas NTA Joint CSIR UGC NET Junior Research Fellowship and Eligibility for Lectureship (Record no. 59496)

MARC details
000 -LEADER
fixed length control field 00522nam a22001817a 4500
005 - DATE & TIME
control field 20250318162256.0
008 - FIXED-LENGTH DATA ELEMENTS--GENERAL INFORMATION
fixed length control field 250318b |||||||| |||| 00| 0 eng d
020 ## - ISBN
International Standard Book Number 9789386298607
Price 680.00
040 ## - CATALOGING SOURCE
Original cataloging agency Doon University
041 ## - Language
Language English
082 ## - DDC NUMBER
Classification number 540.76
Book Number RAM
100 ## - MAIN ENTRY--PERSONAL NAME
Personal name Ramesh Publishing
245 ## - TITLE STATEMENT
Title R. Guptas NTA Joint CSIR UGC NET Junior Research Fellowship and Eligibility for Lectureship
Sub Title : Chemical Sciences
260 ## - PUBLICATION, DISTRIBUTION, ETC. (IMPRINT)
Place of publication, distribution, etc New Delhi
Name of publisher, distributor, etc Ramesh
Date of publication, distribution, etc 2026
300 ## - PHYSICAL DESCRIPTION
Pages 420
650 ## - Subject
Subject Chemistry
942 ## - ADDED ENTRY ELEMENTS (KOHA)
Koha item type Books
952 ## - LOCATION AND ITEM INFORMATION (KOHA)
-- 2026-02-18
-- 2025-03-18
952 ## - LOCATION AND ITEM INFORMATION (KOHA)
-- 2025-03-18
952 ## - LOCATION AND ITEM INFORMATION (KOHA)
-- 2025-03-18
952 ## - LOCATION AND ITEM INFORMATION (KOHA)
-- 2025-03-18
952 ## - LOCATION AND ITEM INFORMATION (KOHA)
-- 2025-03-18
Holdings
Withdrawn status Lost status Source of classification or shelving scheme Damaged status Not for loan Location (home branch) Sublocation or collection (holding branch) Date acquired Koha issues (times borrowed) Koha full call number Accession No. Koha date last seen Koha item type
          Doon University Doon University 18.03.2025 1 540.76 RAM 50397 02.03.2026 Books
          Doon University Doon University 18.03.2025   540.76 RAM 50398 18.03.2025 Books
          Doon University Doon University 18.03.2025   540.76 RAM 50399 18.03.2025 Books
          Doon University Doon University 18.03.2025   540.76 RAM 50400 18.03.2025 Books
          Doon University Doon University 18.03.2025   540.76 RAM 50401 18.03.2025 Books
Contact : +91-135-2533126 (Library),+91-135-2533105 (Admin Office) , Email : doonlibrary@gmail.com

Powered by Koha